000 00323nam a22001457a 4500
008 221028b ||||| |||| 00| 0 eng d
020 _a9780023648014
041 _aeng
080 _2FOURTH EDITION
_a616
082 _a616
100 _a12
101 _aGENE
245 _aCONCEPTS OF GENETICS
_cKLUG W
942 _2udc
_cBK
999 _c58682
_d58682